000 00350 a2200157 4500
001 156748
020 _a8516014738
040 _cEscola São Tomás de Aquino
100 _aBANDEIRA, Pedro
240 1 0 _aO medo e a ternura
_lpor
245 1 0 _aO medo e a ternura
300 _a88
362 0 _a1996
697 _a*LITERATURA JUVENIL
942 _cBK
999 _c156748
_d156748